Encyclopedia of the United Nations and International Agreements /

Kaydedildi:
Detaylı Bibliyografya
Yazar: Ozmanczyk, Edmund Jan (autor)
Diğer Yazarlar: Mango, Anthony (edición) (edición), Annan, Kofi A. (prólogo) (prólogo)
Materyal Türü: Kitap
Dil:İngilizce
Baskı/Yayın Bilgisi: Nueva York, EUA : Routledge, 2003, c2003
Edisyon:3a edición
Konular:
Etiketler: Etiketle
Etiket eklenmemiş, İlk siz ekleyin!

MARC

LEADER 00000nam^a2200000^a^4500
001 000184345
005 20250521000000.0
009 20260310102112.482
020 |a 0-415-93920-8 
037 |a Acervo ITESO - Biblioteca 
041 |a ING 
082 |a 341. 2303  |b ENC 
100 |a Ozmanczyk, Edmund Jan  |e (autor) 
245 1 0 |a Encyclopedia of the United Nations and International Agreements /  |c E.J. Ozmanczyk ; ed. de A. Mango ; pról. de K.A. Annan. 
250 |a 3a edición 
264 4 |a Nueva York, EUA :  |b Routledge,  |c 2003, c2003 
300 |a 4 v. (LVI, 2941 p.) 
336 |a texto  |b txt  |2 rdacontenido 
337 |a sin mediación  |b n  |2 rdamedio 
338 |a volumen  |b nc  |2 rdasoporte 
610 |a ONU 
649 |a XX 
650 |a Organizaciones Internacionales 
650 |a Tratados Internacionales 
650 |a Cooperación Internacional 
650 |a Guerra y Paz 
650 |a Negociación y Mediación 
650 |a Seguridad Internacional 
650 |a Derecho Internacional 
650 |a Relaciones Internacionales 
650 |a Política Internacional 
700 |a Mango, Anthony  |e (edición) 
700 |a Annan, Kofi A.  |e (prólogo) 
910 |a Fondo General 
920 |a Impresos - Libros 
930 |a Obras de Referencia 
905 |a 102 
901 |a 0500125166  |b IT2  |c REF  |u 20250521 
901 |a 0500125169  |b IT2  |c REF  |u 20250521 
901 |a 0500125172  |b IT2  |c REF  |u 20250521 
901 |a 0500125163  |b IT2  |c REF  |u 20250521 
902 |a https://opac.biblio.iteso.mx/vufind/Record/000184345